| 000 -LEADER |
| fixed length control field |
00520nam a22001937a 4500 |
| 008 - FIXED-LENGTH DATA ELEMENTS--GENERAL INFORMATION |
| fixed length control field |
131126b xxu||||| |||| 00| 0 eng d |
| 020 ## - INTERNATIONAL STANDARD BOOK NUMBER |
| International Standard Book Number |
9783708305691 |
| 041 0# - LANGUAGE CODE |
| Language code of text/sound track or separate title |
eng |
| 080 ## - UNIVERSAL DECIMAL CLASSIFICATION NUMBER |
| Universal Decimal Classification number |
343.6 |
| 245 00 - TITLE STATEMENT |
| Title |
ICTY: Towards a Fair Trail ? / |
| Statement of responsibility, etc |
editor : Thomas Kruessmann |
| 260 ## - |
| -- |
Wien : |
| -- |
NWV verlag ; |
| -- |
2008. |
| 300 ## - |
| -- |
416 f. : |
| -- |
22 cm. |
| 500 ## - |
| -- |
Preface : f. 7 - 8 |
| 505 ## - |
| -- |
Bibliography ; f. 395-414 |
| 650 #0 - |
| -- |
E drejta penale |
| 650 #0 - |
| -- |
Gjykimi |
| 700 1# - |
| -- |
Kruessmann, Thomas |
| 942 ## - ADDED ENTRY ELEMENTS (KOHA) |
| Source of classification or shelving scheme |
|
| Item type |
Books |